Prediktívne riadenie

Salvato in:
Dettagli Bibliografici
Autore principale: Kleštinec, Blažej, 1986- (Autore)
Altri autori: Miklovičová, Eva, 1967- (Relatore della tesi)
Natura: Manoscritto Libro
Lingua:slovacco
Pubblicazione: Bratislava : STU v Bratislave FEI, 2014
Soggetti:
Accesso online:VAIS
Tags: Aggiungi Tag
Nessun Tag, puoi essere il primo ad aggiungerne!!

MARC

LEADER 00000ntm a22000003a 4500
001 stu294226
005 20150617230316.9
008 140716s2014----xo------------------slo-d
040 |a STU  |b slo 
041 0 |a slo 
044 |a xo 
100 1 |a Kleštinec, Blažej,  |d 1986-  |4 aut  |u E  |T FEI Fakulta elektrotechniky a informatiky  |X 35876  |U E  |Y 30  |7 A000035876 
242 0 0 |a Predictive control  |y eng 
245 1 |a Prediktívne riadenie 
260 |a Bratislava :  |b STU v Bratislave FEI,  |c 2014 
300 |a 85 s  |c príl. 
650 7 |a Cybernetics  |2 estusub 
650 7 |a prediction  |2 estusub 
650 7 |a reference trajectory  |2 estusub 
650 7 |a model systému  |2 stusub 
650 7 |a predikcia  |2 stusub 
700 1 |a Miklovičová, Eva,  |d 1967-  |4 ths  |u E011  |U FEI Fakulta elektrotechniky a informatiky  |T FEI Ústav robotiky a kybernetiky  |X 4909  |U E011  |Y 356  |7 A000004909 
856 4 |a info a plný text  |u http://is.stuba.sk/zp/portal_zp.pl?podrobnosti=101516  |3 VAIS 
996 |b 284EP11001  |c E*DIPL-11001  |l EE31  |s P  |a 0  |w stu294226_0001